Spaces in architecture : areas, distances, dimensions (Record no. 19652)

MARC details
000 -LEADER
fixed length control field 00443nam a2200169 a 4500
001 - CONTROL NUMBER
control field 157272
003 - CONTROL NUMBER IDENTIFIER
control field OSt
005 - DATE AND TIME OF LATEST TRANSACTION
control field 20211117132807.0
008 - FIXED-LENGTH DATA ELEMENTS--GENERAL INFORMATION
fixed length control field 191119 ### HIN
020 ## - INTERNATIONAL STANDARD BOOK NUMBER
International Standard Book Number 9783035617238
082 ## - DEWEY DECIMAL CLASSIFICATION NUMBER
Classification number 720.1
Item number B47S
100 ## - MAIN ENTRY--PERSONAL NAME
Personal name Bielefeld, Bert
245 ## - TITLE STATEMENT
Title Spaces in architecture : areas, distances, dimensions
Statement of responsibility, etc by Bert Bielefeld
260 ## - PUBLICATION, DISTRIBUTION, ETC. (IMPRINT)
Place of publication, distribution, etc Switzerland
Name of publisher, distributor, etc Birkhauser
Date of publication, distribution, etc 2018
300 ## - PHYSICAL DESCRIPTION
Extent 163p.
942 ## - ADDED ENTRY ELEMENTS (KOHA)
Source of classification or shelving scheme Dewey Decimal Classification
Koha item type Books
Holdings
Withdrawn status Lost status Source of classification or shelving scheme Damaged status Not for loan Collection code Home library Current library Date acquired Source of acquisition Full call number Barcode Date last seen Price effective from Koha item type
    Dewey Decimal Classification     General Text Book Central University Of Rajasthan Central University Of Rajasthan 19/11/2019 ARC 720.1 B47S 32529 02/09/2020 02/09/2020 Books